| 000 | 00851nam a2200229Ia 4500 | ||
|---|---|---|---|
| 003 | GCL | ||
| 008 | 140319s9999 xx 000 0 ara d | ||
| 020 | _a9773070506 | ||
| 040 |
_aGCL / _cGCL |
||
| 082 | 0 | 4 |
_a001.6425 _bب ع |
| 100 | 1 | _aخالد العامرى | |
| 245 | 1 | 0 |
_aعلم نفسك الكمبيوتر : _bTEACH YOURSELF PCS / _cخالد العامرى |
| 700 | 1 | _aبرس ، بارى | |
| 700 | 1 | _aبرس، مارسيا | |
| 250 | _aالثانية | ||
| 260 |
_aالقاهرة : _bدار الفاروق للنشر والتوزيع ، _c2000 |
||
| 300 |
_a374 ص ؛ _c24 سم |
||
| 650 | 0 | 4 | _aالحاسبات الالكترونية - تصميم |
| 650 | 0 | 4 | _aالحاسبات الالكترونية - برامج |
| 650 | 0 | 4 | _aالحاسبات الالكترونية - اجهزة الادخال والاخراج |
| 942 |
_2ddc _cBK |
||
| 999 |
_c26996 _d26996 |
||